| 000 | 00716nam a2200193Ii 4500 | ||
|---|---|---|---|
| 003 | JO-AjNU | ||
| 008 | 230605s9999||||xx |||||||||||||| ||und|| | ||
| 040 |
_aJO-AjNU _bara _erda _cJO-AjNU |
||
| 041 | _aara | ||
| 050 | 1 | 4 | _aDA533.W612 1982 |
| 100 | 3 |
_aتاليف وليامز، رايمود؛ ترجمة سمعان، وجية؛ مراجعة فتحي، محمد, _eauthor _941612 |
|
| 245 | 0 | 0 | _aالثقافة والمجتمع 1780-1950 |
| 264 | 3 | 1 | _aالقاهرة: الهيئة المصرية العامة للكتاب، 1986 |
| 300 | _a395ص | ||
| 336 |
_atext _btxt _2rdacontent |
||
| 337 |
_aunmediated _bn _2rdamedia |
||
| 338 |
_avolume _bnc _2rdacarrier |
||
| 650 | 4 |
_aوصف الشعوب-ثقافة _941613 |
|
| 999 |
_aA17754 _c21322 _d21322 |
||